【サドンデス】トマトアンドオニオンのある自治体 - Statistics

General Stats
  • This quiz has been taken 5 times
  • The average score is 3 of 46
Answers on the Grid
Answers color-coded by a green-red scale on the quiz's grid according to % correct below.
宮古市
石巻市
郡山市
我孫子市
足立区
多摩市
立川市
ふじみ野市
八潮市
所沢市
長岡市
佐渡市
中野市
鯖江市
敦賀市
小浜市
坂井市
福井市
東近江市
京丹後市
福知山市
舞鶴市
宇陀市
吹田市
海南市
新宮市
岩出市
田辺市
三田市
神戸市北区
神戸市長田区
神戸市灘区
丹波市
赤穂市
徳島市
大洲市
高梁市
岡山市中区
岡山市東区
津山市
福山市
鳥取市
倉吉市
松江市
姶良市
那覇市
旭川市
札幌市清田区
釜石市
盛岡市
大崎市
遠野市
奥州市
取手市
鉾田市
八王子市
富士見市
春日部市
朝霞市
荒川区
横浜市青葉区
横浜市瀬谷区
新発田市
富山市
あわら市
越前市
長野市
名古屋市中村区
多治見市
近江八幡市
京田辺市
綾部市
東大阪市
橋本市
御坊市
桜井市
宝塚市
西宮市
神戸市東灘区
神戸市西区
姫路市
高砂市
丹波篠山市
洲本市
南あわじ市
加茂市
加東市
浜田市
境港市
備前市
浅口市
赤磐市
笠岡市
広島市安佐南区
新見市
福岡市城南区
鹿児島市
日置市
宜野湾市
名護市
 
Answer Stats
Answer % Correct
立川市
50%
新宮市
50%
宮古市
25%
多摩市
25%
中野市
25%
吹田市
25%
神戸市灘区
25%
岡山市東区
25%
福山市
25%
石巻市
0%
郡山市
0%
我孫子市
0%
足立区
0%
ふじみ野市
0%
八潮市
0%
所沢市
0%
長岡市
0%
佐渡市
0%
鯖江市
0%
敦賀市
0%
小浜市
0%
坂井市
0%
福井市
0%
東近江市
0%
京丹後市
0%
福知山市
0%
舞鶴市
0%
宇陀市
0%
海南市
0%
岩出市
0%
田辺市
0%
三田市
0%
神戸市北区
0%
神戸市長田区
0%
丹波市
0%
赤穂市
0%
徳島市
0%
大洲市
0%
高梁市
0%
岡山市中区
0%
津山市
0%
鳥取市
0%
倉吉市
0%
松江市
0%
姶良市
0%
那覇市
0%
No matching quizzes found
Score Distribution
Percent of People with Each Score
Percentile by Number Answered
Your Score History
You have not taken this quiz